000 00471nam a2200157 4500
001 107832
003 ES-MaACL
005 20230906184513.0
007 t|
008 061121s1965 sp r ||||1| spa d
100 1 _aMoreno Hernández, Miguel.
_983385
245 1 0 _aReflexiones sobre el sindicalismo español /
_cMiguel Moreno Hernández.
260 _aMadrid :
_b[s.n.],
_c1965 (
_fTip. Velograf)
300 _a166 p. ;
_c19 cm.
852 _aES-MaACL
_jC-27507
_bR.56528
999 _c107832
_d107832